| 000 | 00924nam a22002537a 4500 | ||
|---|---|---|---|
| 999 |
_c65791 _d65791 |
||
| 005 | 20240530110843.0 | ||
| 008 | 200930s2020 ua g b 000 0 ara d | ||
| 017 |
_a4362/2020 _bمصر. دار الكتب |
||
| 020 | _a9789779950709 | ||
| 040 |
_aEG-CaGPL _cEG-CaGPL |
||
| 082 | 0 | 4 |
_221 _a364.168/ _bأ إ |
| 100 | 0 | _aابو المجد على درغام | |
| 245 | 1 | 0 |
_aافشاء السر المصرفى كجريمة تاديبية / _cابو المجد على درغام |
| 250 | _aط.1 | ||
| 260 |
_aالقاهرة : _bالمصرية للنشر والتوزيع، _c2020. |
||
| 300 |
_a390 ص. ؛ _c24 سم. |
||
| 504 | _aيشتمل على ارجاعات ببليوجرافية | ||
| 650 | 0 | 7 |
_2qrmak _aجرائم ضد الانسانية |
| 651 | _2qrmak | ||
| 653 | 0 | _aالبنوك - جرائم | |
| 653 | 0 | _aالموظفين - جرائم | |
| 942 |
_2ddc _cBK |
||